Les Certifications Diamants de PLK - Statistiques

Statistiques générales
  • Ce quiz a été pris 118 fois
  • Le résultat moyen est 13 sur 17
Statistiques - réponses
Album Certification Avec Musique % Correct
Chambre 140 Diamant Jul Faut pas
92%
Enna Diamant Hamza Pilote
92%
Enna Boost Diamant Oboy Attentat
88%
Single Diamant SDM Jack Fuego
86%
Chambre 140 Diamant Gazo Ca mène à rien
83%
Polak Diamant - Emotif
83%
2069' Diamant - Nouvelles
83%
2069' Diamant - Demain
82%
Mental Diamant - Un peu de Haine
82%
Enna Diamant Niska On sait jamais
78%
Pygmalion Diamant Vacra Confidences
75%
Platinum Diamant - Copine
72%
Polak Diamant - Monégasque
71%
Mental Diamant - Problèmes
71%
Virus Diamant Leto Train de Vie
66%
Polak Diamant - Dingue
57%
Enna Diamant - C'est mort
31%
Aucun quiz correspondant
Distribution des résultats
% des personnes avec chaque résultat
Percentile par nombre de réponses
Votre historique - résultats
Vous n’avez pas pris ce quiz